Регионална библиотека "Любен Каравелов" - Русе

Безсънна (Запис номер 176112)

MARC детайли
000 -Лидер
Контролно поле с фиксирана дължина 01531nam a2200373 c 4500
003 - Код на организацията, давaща контролен номер
Контролно поле BLK
005 - Дата и час на последна редакция
Контролно поле 20241017005414.0
008 - Елементи от данни с фиксирана дължина
fixed length control field 180411b bul|||||r ||||||| ||bul||
010 ## - Наследен системен номер
LC control number KNG00184717000
020 ## - Международен стандартен номер на книга ISBN
Международен стандартен номер на книга ISBN 978-954-783-179-7
-- издат.: Intense
040 ## - Източник на каталожния запис
Идентификатор на билиотеката - собственик на записа BLK
041 ## - Код за език
Код за езика на текст/звукозапис или на отделно заглавие Български
Код за езика КДБФ Български
072 #7 - Код за тематичната категория
Код организация bullib
Код за тематична категория Н8302
Текст Фантастика Н
080 ## - УДК
Текстов определител УДК Американска литература (на САЩ)
УДК код - определител по УДК 821.111(73)
УДК определител -312.9
УДК - код + определител 821.111(73)-312.9
100 1# - Редна дума - Автор
Автор Анджелини, Джоузефин
Авторска отговорност първи автор
R(LIN) 340465
139 ## - Редно поле
Редна дума Анджелини, Джоузефин
Авторски знак Анд - А 65
245 10 - Сведения за заглавието
Заглавие Безсънна
Подзаглавни данни Търсачът в дълбините
Редно поле (дума) Джоузефин Анджелини; прев. Деница Райкова.
257 ## - Страна на издаване
Страна на създаване/издаване Съединени американски щати
260 ## - Област на издателските данни
-- София
Име на издателя, разпространителя и проч. Intense
Година на издаване 2012
Печатница София : Д. Благоев
300 ## - Физическа характеристика
Страници 416 с.
Размери/Мащаб 21 см
380 ## - Жанр
Жанр Худож. лит.
490 1# - СЕРИИ (Колекции)
Име на серия Поредица Любов под гибелна звезда
№: серия кн. 2
500 ## - Общи забележки
Забележка Ориг. загл. Dreamless / Josephine Angelini.
653 ## - Ключова дума – ненормативна
Ключова дума фентъзи
653 ## - Ключова дума – ненормативна
Ключова дума романи
659 ## - Тематичен бюлетин
Тематичен бюлетин Н
700 ## - Други автори (авторска отговорност)
Лично име Райкова, Деница Иванова
Дати, свързани с автора 1977 -
Друга информация преводач от англ. език, автор на кратка проза
Автороска отговорност (Описва отношението между автора и произведението) прев.
9 (RLIN) 262557
852 ## - Местоположение
Форматна сигнатура Цб 278046
856 4# - Електронен адрес и достъп
Електронен формат pdf - файл
Път до файла /url/
856 4# - Електронен адрес и достъп
Електронен формат pdf - файл
Път до файла /url/
942 ## - АРТИКУЛИ
Вид на библиотечния материал Книги
Скрит в OPAC Не
Koha issues (borrowed), all copies 7
944 ## - СЪЗДАВАНЕ И РЕДАКЦИЯ на ЗАПИСА
Създаване/Редакция Създаване
Дата на регистрацията/редакция 10.11.2015
Статус, дата на статуса CRON CRON
Служител, извършил регистрацията/редакцията
944 ## - СЪЗДАВАНЕ И РЕДАКЦИЯ на ЗАПИСА
Създаване/Редакция Редакция
Дата на регистрацията/редакция 22.12.2016
Статус, дата на статуса ф /
Служител, извършил регистрацията/редакцията Виолета_Тройчева
999 ## - СИСТЕМНИ КОНТРОЛНИ НОМЕРА
Koha biblionumber 176112
Koha biblioitemnumber 176112
Наличности
Код за отписване Код за изгубен артикул Код за повреда Коз за рестрикции Код за отдаване Артикулен № Име на библиотеката - собственик Име на библиотеката, в която се намира в момента Статус (Текущо местоположение) Дата на вписване в системата Местоположение - отдел Цена в лева Инвентарен номер Систематично азбучна сигнатура Баркод Номер на екземпляра Цена в евро Служебна бележка Служебен тип на артикула
  Не е изгубен Не е повреден без рестрикции ползва се в читалня 303185 Регионална библиотека "Любен Каравелов" Русе Регионална библиотека "Любен Каравелов" Русе Хранилище 2015-11-11 Хранилище 18.00 120000794655 Цб 278046 120000794655 1 9.20 Дост: Dp Вид: Д N: 41 Дата: 19.09.2015 Книги
  Не е изгубен Не е повреден без рестрикции заемане за дома 303186 Регионална библиотека "Любен Каравелов" Русе Регионална библиотека "Любен Каравелов" Русе Заемна - подръчен фонд 2016-12-21 Заемна - подръчен фонд 5.00 120000806790 П 820(73)-31/А 65 120000806790 2 2.56 Дост: Pk Вид: Ф N: 475 Дата: 19.12.2016 Дата инв: 19.02.2018 Бележки инв: П2018 Книги
Vip Innovations Ltd, Rousse, Bulgaria 2025